<?xml version="1.0" encoding="UTF-8"?><?xml-stylesheet type="text/xsl" href="static/style.xsl"?><OAI-PMH xmlns="http://www.openarchives.org/OAI/2.0/" xmlns:xsi="http://www.w3.org/2001/XMLSchema-instance" xsi:schemaLocation="http://www.openarchives.org/OAI/2.0/ http://www.openarchives.org/OAI/2.0/OAI-PMH.xsd"><responseDate>2026-06-05T21:44:30Z</responseDate><request verb="GetRecord" identifier="oai:riuma.uma.es:10630/26532" metadataPrefix="marc">https://riuma.uma.es/rest/oai/request</request><GetRecord><record><header><identifier>oai:riuma.uma.es:10630/26532</identifier><datestamp>2026-02-03T11:06:25Z</datestamp><setSpec>com_10630_2254</setSpec><setSpec>col_10630_37953</setSpec></header><metadata><record xmlns="http://www.loc.gov/MARC21/slim" xmlns:dcterms="http://purl.org/dc/terms/" xmlns:doc="http://www.lyncode.com/xoai" xmlns:xsi="http://www.w3.org/2001/XMLSchema-instance" xsi:schemaLocation="http://www.loc.gov/MARC21/slim http://www.loc.gov/standards/marcxml/schema/MARC21slim.xsd">
   <leader>00925njm 22002777a 4500</leader>
   <datafield ind2=" " ind1=" " tag="042">
      <subfield code="a">dc</subfield>
   </datafield>
   <datafield ind2=" " ind1=" " tag="720">
      <subfield code="a">Ruiz-Arias, José Antonio</subfield>
      <subfield code="e">author</subfield>
   </datafield>
   <datafield ind2=" " ind1=" " tag="260">
      <subfield code="c">2022-03-15</subfield>
   </datafield>
   <datafield ind2=" " ind1=" " tag="520">
      <subfield code="a">Broadband atmospheric transmittance is a key component in many broadband clear-sky solar radiation models, whose performance is inevitably bound to the goodness of their atmospheric transmittance parameterizations. A key element in the development of these parameterizations, that has been traditionally overlooked, is the spectral integration to the broadband range. The related scientific literature reveals that two different spectral integration approaches have been proposed, but they have been vaguely evaluated despite the central role of broadband transmittance. This work discusses such approaches, proposes new ones that mitigate current issues and conducts an unprecedented worldwide evaluation study that analyzes the direct normal irradiance evaluation error that is directly attributable to the choice of spectral integration approach. The study makes use of more than 7 million atmospheric transmittance spectra and a 1-year hourly simulation across a 2-degree spatial grid worldwide. The results show that the independent integration scheme, which is the one virtually used always, results in deviations as high as 40 W/m in dry and clean, and in humid and turbid environmental conditions. Overall, while the error stays within 20 W/m for 90% of the cases worldwide using the independent scheme, it is reduced to only 1.5 W/m using one of the alternative integration schemes here proposed. Hence, as a matter of conclusion, it is recommended that any broadband clear-sky solar irradiance model intended for global applications considers a higher-performance spectral integration scheme for atmospheric transmittance, such as the ones proposed here.</subfield>
   </datafield>
   <datafield ind1="8" ind2=" " tag="024">
      <subfield code="a">José A. Ruiz-Arias, Spectral integration of clear-sky atmospheric transmittance: Review and worldwide performance, Renewable and Sustainable Energy Reviews, Volume 161, 2022, 112302, ISSN 1364-0321, https://doi.org/10.1016/j.rser.2022.112302.</subfield>
   </datafield>
   <datafield ind1="8" ind2=" " tag="024">
      <subfield code="a">https://hdl.handle.net/10630/26532</subfield>
   </datafield>
   <datafield ind1="8" ind2=" " tag="024">
      <subfield code="a">10.1016/j.rser.2022.112302</subfield>
   </datafield>
   <datafield tag="653" ind2=" " ind1=" ">
      <subfield code="a">Atmósfera</subfield>
   </datafield>
   <datafield tag="653" ind2=" " ind1=" ">
      <subfield code="a">Radiación solar</subfield>
   </datafield>
   <datafield tag="653" ind2=" " ind1=" ">
      <subfield code="a">Transmitancia</subfield>
   </datafield>
   <datafield ind2="0" ind1="0" tag="245">
      <subfield code="a">Spectral integration of clear-sky atmospheric transmittance: review and worldwide performance</subfield>
   </datafield>
</record>
</metadata></record></GetRecord></OAI-PMH>